[Event "Gatineau op-A"]
[Site "Gatineau"]
[Date "2015.03.??"]
[Round "1"]
[White "Rui Zhu, Hong"]
[Black "Marin, Sam"]
[Result "1-0"]
[WhiteElo "2238"]
[BlackElo "1915"]
[PlyCount "77"]
[EventDate "2015.03.07"]
[EventType "swiss"]
[EventRounds "5"]
[EventCountry "CAN"]
[SourceTitle "EXT 2016"]
[Source "ChessBase"]
[SourceDate "2015.10.08"]
[SourceVersion "1"]
[SourceVersionDate "2015.10.08"]
[SourceQuality "1"]

1. e4 e5 2. Nf3 d6 3. d4 exd4 4. Nxd4 Nf6 5. Nc3 Be7 6. Bc4 0-0 7. 0-0 Nc6 8. h3 Nxd4 9. Qxd4 Nd7 10. Nd5 Bf6 11. Nxf6+ Qxf6 12. Qxf6 Nxf6 13. Re1 Re8 14. Bg5 Be6 15. Bf1 Nd7 16. Rad1 f6 17. Be3 g5 18. b3 Ne5 19. Be2 a5 20. a4 Kg7 21. Kh2 h5 22. Bxh5 Rh8 23. Be2 g4 24. Kg3 gxh3 25. f4 Kf7 26. fxe5 Rag8+ 27. Kf3 Rxg2 28. Bf2 fxe5 29. Rg1 Rhg8 30. Rxg2 Rxg2 31. Rg1 Bg4+ 32. Ke3 Bxe2 33. Rxg2 hxg2 34. Kxe2 Ke6 35. Kf3 d5 36. exd5+ Kxd5 37. Kxg2 e4 38. Kf1 c5 39. c4+ 1-0

[Event "Gatineau op-A"]
[Site "Gatineau"]
[Date "2015.03.??"]
[Round "5"]
[White "Rui Zhu, Hong"]
[Black "Sambuev, Bator"]
[Result "0-1"]
[WhiteElo "2238"]
[BlackElo "2662"]
[PlyCount "88"]
[EventDate "2015.03.07"]
[EventType "swiss"]
[EventRounds "5"]
[EventCountry "CAN"]
[SourceTitle "EXT 2016"]
[Source "ChessBase"]
[SourceDate "2015.10.08"]
[SourceVersion "1"]
[SourceVersionDate "2015.10.08"]
[SourceQuality "1"]

1. e4 d6 2. d4 Nf6 3. Nc3 e5 4. dxe5 dxe5 5. Qxd8+ Kxd8 6. Bc4 Ke8 7. f3 a6 8. Be3 Bd6 9. Nge2 Nbd7 10. a3 b5 11. Ba2 c6 12. Kf2 Ke7 13. h4 Bc5 14. Ng3 Bxe3+ 15. Kxe3 Nb6 16. Nd1 Be6 17. Bxe6 Kxe6 18. b3 h5 19. Nf2 g6 20. Rhc1 Nfd7 21. Nd3 a5 22. c4 bxc4 23. bxc4 Na4 24. Rab1 Rhb8 25. Ne2 Nac5 26. Nc3 Nxd3 27. Kxd3 Nc5+ 28. Kc2 Kd6 29. Rd1+ Kc7 30. Rxb8 Rxb8 31. Rb1 Rg8 32. g3 Ne6 33. Ne2 f6 34. f4 Nc5 35. Nc3 Re8 36. Rf1 exf4 37. gxf4 Nxe4 38. f5 Ng3 39. Rg1 Nxf5 40. Rxg6 Re6 41. Kd3 Nxh4 42. Rh6 Nf3 43. Rh7+ Kd6 44. Ne4+ Rxe4 0-1